|
|
|
|
| LEADER |
00000nam a22000007a 4500 |
| 005 |
20220207211724.0 |
| 007 |
cr|||| |||| |
| 008 |
220207s2014 co |||||s|||| 00||0 spa d |
| 020 |
|
|
|a 978-958-648-758-0
|
| 035 |
|
|
|z 35793
|
| 040 |
|
|
|a vLex
|
| 090 |
|
|
|c 12930
|d 12930
|
| 100 |
1 |
|
|a Marcuse, Robert
|
| 245 |
1 |
0 |
|a Operaciones bancarias internacionales
|h [Recurso electrn̤ico] /
|c Robert Marcuse
|
| 256 |
|
|
|a Servicio en ln̕ea
|
| 260 |
|
|
|a Bogot:̀
|b ECOE,
|c 2014
|
| 300 |
|
|
|a 1 recurso electrn̤ico
|
| 500 |
|
|
|a El proceso de globalizacin̤ y el desarrollo de mercados emergentes como los de Brasil, Rusia, India, China y Sudf̀rica (BRICS) han incrementado enormemente el volumen de las operaciones de comercio internacional. No hay duda de que los bancos seguirǹ jugando un papel importants̕imo en el respaldo tčnico y la financiacin̤ de estas transacciones. Esto explica por qu ̌un libro como el presente, que describe en třminos sencillos y de fc̀il acceso el papel de la banca en dichas transacciones, sigue demandado en las tres amřicas 35 aǫs despuš de su primera publicacin̤ por la Federacin̤ Latinoamericana de Bancos. El contenido de esta octava edicin̤, debidamente revisada, sigue totalmente vigente, y ser ̀de gran ayuda para todos los bancos que participan en el comercio internacional as ̕como para sus clientes.
|
| 506 |
1 |
|
|a Disponible solo en los productos indicados
|d vLex Global
|d vLex Global (Academic Edition, excluding Law Schools)
|d vLex Global (U.S. Academic Edition, Law Schools)
|d vLex Global (U.S. Academic Edition, excluding Law Schools)
|d vLex Global (Academic Edition, Law Schools)
|
| 650 |
0 |
4 |
|a Contabilidad
|z Colombia
|
| 650 |
0 |
4 |
|a Banca y finanzas
|z Colombia
|
| 740 |
0 |
|
|a vLex Libros (Servicio en ln̕ea)
|
| 856 |
4 |
0 |
|u https://app.vlex.com/#/sources/35793
|z Acceso restringido
|
| 942 |
|
|
|c BOOK
|
| 999 |
0 |
|
|a Accounting
|
| 999 |
0 |
|
|a Banking and finance
|